20 największych firm w Polsce - Statystyki

Ogólne statystyki
  • Ten quiz został rozwiązany 719 razy
    523 od ostatniego zresetowania
  • Średni wynik to 10 z 20
Statystyki odpowiedzi
Rodzaj Firma % Poprawnych
Stacja paliw Orlen
99%
Supermarket Jeronimo Martins
91%
Loteria Totalizator Sportowy
90%
Bank Powszechna Kasa Oszczędności BP
82%
Supermarket Lidl
76%
Supermarket Dino
73%
Ubezpieczenia Polski Zakład Ubezpieczeń
69%
Stacja paliw BP
53%
Energia Polska Grupa Energetyczna
49%
Energia Tauron
48%
Energia Enea
38%
Górnictwo KGHM
38%
Bank Bank Pekao
37%
Energia Energa
37%
Bank Santander
37%
Samochody Volkswagen
23%
Hurtownia spożywcza Eurocash
12%
Elektronika LG Energy Solution
9%
Metale ArcelorMittal
1%
Energia Polskie Sieci Elektroenergetyczne
1%
Nie znaleziono quizów pasujących do podanych kryteriów
Rozkład punktacji
Procent ludzi z każdym wynikiem
Percentyl według liczby udzielonych odpowiedzi
Twoja historia wyników
Nie rozwiązałeś tego quizu od ostatniego zresetowania